| 000 | 006530000a22002650004500 | ||
|---|---|---|---|
| 015 | _aNB | ||
| 650 | _aFilms | ||
| 650 | _aElectrodes | ||
| 650 | _aElectrochemistry | ||
| 650 | _aEmpirical knowledge | ||
| 650 | _aEmpirical methods | ||
| 650 | _aChemicals | ||
| 651 | _aNepal | ||
| 082 |
_a771.5324 _bM331p _cCS |
||
| 518 | _a980427 | ||
| 530 | _aM | ||
| 100 | _aManandhar, Krishna | ||
| 100 | _aPradhananga, Raja Ram | ||
| 245 | _aProject report on preparation of this film electrodes for electrochemical experiments | ||
| 260 | _aKathmandu, Nepal | ||
| 260 | _c2051 B.S. | ||
| 041 | _aEng | ||
| 300 |
_a21p. _billus |
||
| 942 | _cGEN | ||
| 999 |
_c13974 _d13974 |
||